000 00424nam a2200181Ia 4500
001 3121
005 20260306144857.0
008 260306t1988||||xx |||||||||||||| ||spa||
041 _aESP
082 _a260
_bA36
100 _aTugwell, Simon
_eAUT
245 0 _aAlbert and Thomas:
_bselected writings
260 _c1988
300 _a650 páginas :
_c23 cm.
650 _aGEN
654 _aCHU
942 _cLIB
_dJUS
_fJUS
_2ddc
_n
999 _c3121
_d3121